[Event "GER-ch U18 sf Berlin Online"]
[Site "Playchess.com INT"]
[Date "2020.05.01"]
[Round "4"]
[White "Wagner, Margarethe"]
[Black "Schroeder, Jan Hendrik"]
[Result "1-0"]
[WhiteElo "1664"]
[BlackElo "1533"]
[PlyCount "97"]
[EventDate "2020.05.01"]
[EventType "swiss (blitz)"]
[EventRounds "13"]
[EventCountry "GER"]
[SourceTitle "CBM 195 Extra"]
[Source "ChessBase"]
[SourceDate "2020.05.31"]
[SourceVersion "1"]
[SourceVersionDate "2020.05.31"]
[SourceQuality "1"]

1. e4 c5 2. Nf3 d6 3. d4 cxd4 4. Nxd4 Nc6 5. Nc3 g6 6. Be3 Bg7 7. f3 Nf6 8. Be2 0-0 9. 0-0 Bd7 10. Qd2 Nxd4 11. Bxd4 e6 12. Nd1 Qc7 13. c4 a6 14. Nc3 Rac8 15. b3 e5 16. Be3 b5 17. Rad1 bxc4 18. Bxc4 Bb5 19. Nxb5 axb5 20. Bxb5 Rb8 21. Bc4 Rbd8 22. a4 Rd7 23. a5 Rfd8 24. Bb6 Qb7 25. Bxd8 Rxd8 26. a6 Qa7+ 27. Qf2 Qxf2+ 28. Kxf2 d5 29. exd5 e4 30. a7 exf3 31. gxf3 Ra8 32. Ra1 g5 33. Bb5 g4 34. Bc6 Rf8 35. a8Q gxf3 36. Rg1 Ne4+ 37. Kxf3 Nd2+ 38. Ke2 Nxb3 39. Rxg7+ Kxg7 40. Rg1+ Kf6 41. Qxf8 Nd4+ 42. Kd3 Nxc6 43. Qd6+ Kf5 44. Rf1+ Kg5 45. Qf4+ Kh5 46. Qxf7+ Kh4 47. Qxh7+ Kg5 48. Rg1+ Kf4 49. Qe4# 1-0

[Event "GER-ch Net Amateur Gr-A Vor3"]
[Site "Playchess.com INT"]
[Date "2020.04.16"]
[Round "6"]
[White "Isele, Thomas"]
[Black "Wagner, Margarethe"]
[Result "0-1"]
[WhiteElo "1773"]
[BlackElo "1586"]
[PlyCount "112"]
[EventDate "2020.04.16"]
[EventType "swiss (blitz)"]
[EventRounds "9"]
[EventCountry "GER"]
[SourceTitle "CBM 195 Extra"]
[Source "ChessBase"]
[SourceDate "2020.05.31"]
[SourceVersion "1"]
[SourceVersionDate "2020.05.31"]
[SourceQuality "1"]

1. e4 c5 2. Nf3 d6 3. d3 Nf6 4. g3 Nc6 5. Bg2 e6 6. 0-0 Be7 7. Re1 Qc7 8. c3 0-0 9. Nbd2 Ne5 10. Nxe5 dxe5 11. Nf3 h6 12. Qc2 Qd6 13. Be3 Bd7 14. Rad1 Qa6 15. b3 Bc6 16. Bf1 Bd6 17. d4 Qb6 18. dxe5 Bxe4 19. Qe2 Bxf3 20. Qxf3 Bxe5 21. Bxh6 Qc7 22. Bc1 Rfd8 23. Bg2 Rxd1 24. Rxd1 Rd8 25. c4 b6 26. Bg5 Rxd1+ 27. Qxd1 Qd6 28. Qxd6 Bxd6 29. Bxf6 gxf6 30. Kf1 Kg7 31. Ke2 Kg6 32. Ke3 Kg5 33. Bf3 f5 34. Bd1 f4+ 35. Kf3 fxg3 36. fxg3 f5 37. h4+ Kh6 38. g4 fxg4+ 39. Kxg4 Kg6 40. Bc2+ Kf6 41. Be4 Ke5 42. Bb7 Kd4 43. h5 Be5 44. Bc8 Kc3 45. Bxe6 Kb2 46. Bd7 Kxa2 47. Ba4 Ka3 48. h6 Kb4 49. Kf5 Bd4 50. Ke6 a6 51. Bc6 Kxb3 52. Bd5 a5 53. Kd7 a4 54. Bc6 a3 55. Kc7 a2 56. Kxb6 a1Q 0-1

[Event "GER-ch Net Amateur Gr-A Vor3"]
[Site "Playchess.com INT"]
[Date "2020.04.16"]
[Round "5"]
[White "Schaefer, Marlon"]
[Black "Wagner, Margarethe"]
[Result "1-0"]
[WhiteElo "1835"]
[BlackElo "1603"]
[PlyCount "105"]
[EventDate "2020.04.16"]
[EventType "swiss (blitz)"]
[EventRounds "9"]
[EventCountry "GER"]
[SourceTitle "CBM 195 Extra"]
[Source "ChessBase"]
[SourceDate "2020.05.31"]
[SourceVersion "1"]
[SourceVersionDate "2020.05.31"]
[SourceQuality "1"]

1. e4 c5 2. c3 d5 3. exd5 Qxd5 4. d4 cxd4 5. cxd4 Nc6 6. Nf3 a6 7. Nc3 Qd8 8. d5 Nb8 9. Bc4 Nf6 10. 0-0 g6 11. Re1 Qd6 12. g3 Bg7 13. Bf4 Qc5 14. Qe2 0-0 15. Na4 Qb4 16. Bb3 b5 17. Nb6 Ra7 18. Bxb8 Rb7 19. Nxc8 Rxc8 20. Bf4 a5 21. Bd2 Qd6 22. Bxa5 b4 23. Qd2 Ra8 24. Rac1 Rxa5 25. Rc8+ Bf8 26. Ne5 Rc5 27. Nc4 Rxc8 28. Nxd6 exd6 29. Qf4 Kg7 30. Rc1 Rbc7 31. Rxc7 Rxc7 32. Qxb4 Nd7 33. Qd4+ f6 34. a4 Nc5 35. Bc2 Rb7 36. b4 Nd7 37. b5 Ne5 38. Kg2 Be7 39. b6 Bd8 40. a5 Rb8 41. Qb4 Nf7 42. Bb3 g5 43. Qb5 Kg6 44. Qd7 Ne5 45. Qxd6 Ra8 46. b7 Rxa5 47. b8Q Ra3 48. Qbxd8 Rxb3 49. Q8xf6+ Kh5 50. Qdxe5 Rxg3+ 51. hxg3 h6 52. Qf7+ Kg4 53. Qe4# 1-0

[Event "GER-ch Net Amateur Gr-A Vor3"]
[Site "Playchess.com INT"]
[Date "2020.04.16"]
[Round "8"]
[White "Sieber, Heiko"]
[Black "Wagner, Margarethe"]
[Result "1-0"]
[WhiteElo "1887"]
[BlackElo "1694"]
[PlyCount "65"]
[EventDate "2020.04.16"]
[EventType "swiss (blitz)"]
[EventRounds "9"]
[EventCountry "GER"]
[SourceTitle "CBM 195 Extra"]
[Source "ChessBase"]
[SourceDate "2020.05.31"]
[SourceVersion "1"]
[SourceVersionDate "2020.05.31"]
[SourceQuality "1"]

1. d4 Nf6 2. Nf3 g6 3. Bf4 Bg7 4. e3 0-0 5. Bd3 d6 6. c3 Nbd7 7. Nbd2 Re8 8. Bg3 e5 9. Bc2 b6 10. 0-0 Bb7 11. Re1 exd4 12. exd4 Bd5 13. Bb3 Bxb3 14. Qxb3 a5 15. Qb5 Nf8 16. Qc6 Rxe1+ 17. Rxe1 Ne6 18. Qc4 Qd7 19. Bh4 b5 20. Qd3 Nf4 21. Qb1 Qg4 22. Bg3 N4h5 23. Re7 Nxg3 24. hxg3 c5 25. dxc5 Nd5 26. Re4 Qd7 27. cxd6 Qxd6 28. Qd3 Rd8 29. Qxb5 Rb8 30. Re8+ Rxe8 31. Qxe8+ Bf8 32. Ne4 f5 33. Nxd6 1-0